00921nam a2200265 a 450000100060000000300080000600500170001400800410003103500190007204000270009104100080011808200220012610000350014824500670018325000140025026000400026430000340030435000100033850400360034865100400038465100470042494200120047199900170048395201550050064970BD-RjUL20211209081355.0171225s1968 pk b b 000 0 eng  a(BD-RjUL)65100 aDLCcDLCdBD-RjULbeng aeng00a934223bOJH 19681 aOjha, Kailash Chandra.919262114aThe history of foreign rule in ancient India /cby K. C. Ojha. a[1st ed.] aAllahabad :bGyan Prakashan,c1968. avii, 200 p. :bill. ;c22 cm. a20.00 aIncludes index and bibliography 0aIndiaxHistoryyTo 324 B.C.9192622 0aIndiaxHistoryy324 B.C.-1000 A.D.9192623 2ddccBK c64970d64970 00102ddc40718NFICaRUCLbRUCLcReadingd1976-04-22eK.P.Bagchil and co, Calcuttag25.00l0o934 OJH 1968r2017-02-26 00:00:00tC-1w2017-02-26yBK